Legal education in Malaysia

Bibliographic Details
Main Author: Ahmad Ibrahim Tan Sri Datuk , 1916-1999 (Author)
Corporate Author: Regional Institute of Higher Education and Development
Format: Book
Language:English
Published: Singapore : Maruzen Asia , 1980
Series:RIHED occasional paper series no. 1
Subjects:

MARC

LEADER 00000cam a2200000 7i4500
001 0000002451
005 20201126093000.0
008 021118s1980 si eng
020 |a 9622201008 
050 0 0 |a d26 KPG50   |b .A45 1980 
090 0 0 |a d26 KPG50   |b .A45 1980 
100 0 |a Ahmad Ibrahim   |c Tan Sri Datuk ,   |d 1916-1999 ,   |e author 
245 0 0 |a Legal education in Malaysia   |c Ahmad Ibrahim 
260 2 |a Singapore :   |b Maruzen Asia ,   |c 1980 
300 |a 61 p. ;   |c 23 cm. 
440 0 |a RIHED occasional paper series   |v no. 1 
504 |a Includes bibliographical references (p. 41) 
650 0 |a Law   |x Study and teaching   |z Malaysia 
710 2 |a Regional Institute of Higher Education and Development 
999 |a 1000014432   |b Book   |c OPEN SHELF (30 DAYS)   |e Gong Badak Campus 
999 |a 1000014433   |b Book   |c OPEN SHELF (30 DAYS)   |e Gong Badak Campus